Statistics for Premier League Manager of the Season Winners

Click here to take the quiz!

General Stats

  • This quiz has been taken 2,255 times
    (485 since last reset)
  • The average score is 8 of 12

Answer Stats

Manager% Correct
Alex Ferguson
99%
Jürgen Klopp
99%
Pep Guardiola
99%
Arsène Wenger
97%
José Mourinho
95%
Claudio Ranieri
86%
Antonio Conte
82%
Kenny Dalglish
52%
Harry Redknapp
47%
Alan Pardew
44%
Tony Pulis
20%
George Burley
16%

Score Distribution

Percentile by Number Answered

Percent of People with Each Score

Your Score History

You have not taken this quiz since the last reset